Laboratory practices in microbiology / (Record no. 172035)

MARC details
000 -LEADER
fixed length control field 00910cam a2200265 a 4500
001 - CONTROL NUMBER
control field 22432652
003 - CONTROL NUMBER IDENTIFIER
control field OSt
005 - DATE AND TIME OF LATEST TRANSACTION
control field 20250620083720.0
008 - FIXED-LENGTH DATA ELEMENTS--GENERAL INFORMATION
fixed length control field 220217t20212021enka b 001 0 eng d
020 ## - INTERNATIONAL STANDARD BOOK NUMBER
International Standard Book Number 9780323910170 (paperback)
040 ## - CATALOGING SOURCE
Original cataloging agency YDX
Language of cataloging eng
Transcribing agency NUST
Modifying agency NUST
Description conventions rda
050 00 - LIBRARY OF CONGRESS CALL NUMBER
Classification number QR63 ERK
100 1# - MAIN ENTRY--PERSONAL NAME
Personal name Erkmen, Osman,
Dates associated with a name 1955-
Relator term author.
245 10 - TITLE STATEMENT
Title Laboratory practices in microbiology /
Statement of responsibility, etc. Prof. Dr. Osman Erkmen
260 ## - PUBLICATION, DISTRIBUTION, ETC.
Place of publication, distribution, etc. United Kingdom. :
Name of publisher, distributor, etc. Academic Press,
Date of publication, distribution, etc. ©2021.
300 ## - PHYSICAL DESCRIPTION
Extent xvii, 274 pages :
Other physical details illustrations (some color) ;
Dimensions 23 cm
336 ## - CONTENT TYPE
Content type term text
Source rdacontent
Content type code txt
337 ## - MEDIA TYPE
Media type term unmediated
Source rdamedia
Media type code n
338 ## - CARRIER TYPE
Carrier type term volume
Source rdacarrier
Carrier type code nc
504 ## - BIBLIOGRAPHY, ETC. NOTE
Bibliography, etc. note Includes bibliographical references and index.
650 #0 - SUBJECT ADDED ENTRY--TOPICAL TERM
Topical term or geographic name entry element Microbiology
Form subdivision Laboratory manuals.
650 #7 - SUBJECT ADDED ENTRY--TOPICAL TERM
Topical term or geographic name entry element Microbiology.
650 #7 - SUBJECT ADDED ENTRY--TOPICAL TERM
Form subdivision Morphology of Microorganisms
942 ## - ADDED ENTRY ELEMENTS (KOHA)
Source of classification or shelving scheme Library of Congress Classification
Suppress in OPAC No
Koha item type Ordinary Loan Books
Classification part QR63.ERK
Call number prefix QR
Call number suffix ERK
Holdings
Withdrawn status Lost status Source of classification or shelving scheme Damaged status Not for loan Collection Home library Current library Shelving location Date acquired Source of acquisition Cost, normal purchase price Total Checkouts Full call number Barcode Date last seen Accession number Cost, replacement price Price effective from Koha item type Public note
    LCC     NFIC MEDICAL MEDICAL GEN 06/18/2025 Purchase 135.00   QR63 ERK 92004056490 06/18/2025 25/66 135.00 06/18/2025 BOOKS Purchase
    LCC     NFIC MEDICAL MEDICAL GEN 06/18/2025 Purchase 135.00   QR63 ERK 92004056100 06/18/2025 25/67 135.00 06/18/2025 BOOKS Purchase